000 00657nam a2200241 i 4500
001 C2-0316363
003 PPAK
005 20180728112348.0
008 120724s2011 nyua|||| ||||| | eng d
020 _a9781584799030
040 _aPPAK
_beng
_cPPAK
_erda
082 0 4 _a641.5
_223
090 0 0 _a641.5
_bBRO
_dR
100 1 _aBrown, Alton,
_eauthor
245 1 0 _aGood eats 3
264 1 _aNew York :
_bStewart, Tabori & Chang ,
_c2011
300 _a430 pages :
_bcolour illustrations ;
_c25 cm
336 _2rdacontent
_atext
337 _2rdamedia
_aunmediated
338 _2rdacarrier
_avolume
650 1 0 _aCooking. ; Cookbooks.
942 _ddc
_cB
999 _c117499
_d117499